|
|
|
|
| LEADER |
00000nab a2200000 a 4500 |
| 001 |
vtls000159071 |
| 003 |
SK-MaSNL |
| 005 |
20260303202303.0 |
| 008 |
220422c1983 xo 0 slo |
| 015 |
|
|
|a SNBRB19rr/mm-uuuuu
|
| 035 |
|
|
|a CL0169181
|
| 040 |
|
|
|a SNKBUCL
|b slo
|c SNKBUCL
|e AACR2
|
| 041 |
0 |
|
|a slo
|
| 044 |
|
|
|a xo
|c SK
|
| 080 |
|
|
|a 616.12-005.4:331.021.812
|2 1981
|
| 080 |
|
|
|a 331.021.812
|2 1981
|
| 245 |
0 |
0 |
|a Telesná výkonnosť a niektoré rizikové faktory ischemickej choroby srdca u vzorky zdravých mužov bratislavskej populácie ; Z. Mikeš, J. Kolesár, J. Krištúfek, A. Dukát, J. Petrovičová, V. Strelková, S. Wimmerová
|
| 300 |
|
|
|b Tb. 7. Res. rus., angl., lit. 17 zázn. v angl.
|
| 650 |
0 |
7 |
|a choroby srdca
|2 snkbucl
|9 1246
|
| 655 |
|
7 |
|a články z novín a časopisov
|2 snkbucl
|9 267496
|
| 700 |
1 |
|
|a Mikeš, Zoltán,
|d 1940-
|4 aut
|
| 700 |
1 |
|
|a Kolesár, Juraj,
|d 1924-2004
|4 aut
|9 151118
|
| 700 |
1 |
|
|a Krištúfek, J.
|4 aut
|9 957766
|
| 700 |
1 |
|
|a Dukát, Andrej,
|d 1950-
|4 aut
|9 194267
|
| 700 |
1 |
|
|a Petrovičová, J.
|4 aut
|9 799070
|
| 700 |
1 |
|
|a Strelková, V.
|4 aut
|9 1233869
|
| 700 |
1 |
|
|a Wimmerová, Soňa,
|d 1953-
|4 aut
|9 14087
|
| 773 |
0 |
|
|t Fysiatrický a revmatologický věstník
|g Roč. 61, č. 4 (1983), s. 187-195
|
| 850 |
|
|
|a Slovenská národná knižnica v Martine
|a MTA001
|
| 852 |
|
|
|a SNK
|b KIS3GCP
|
| 958 |
|
|
|a NB
|
| 958 |
|
|
|a RK
|
| 958 |
|
|
|a ME
|
| 992 |
|
|
|a RBX
|
| 999 |
|
|
|c 2178821
|d 2180751
|